Seas That Border Antarctica - Statistics

General Stats
  • This quiz has been taken 8 times
    5 since last reset
  • The average score is 6 of 13
Answer Stats
Seas % Correct
Ross Sea
100%
Amundsen Sea
80%
Bellingshausen Sea
60%
Cooperation Sea
40%
Cosmonauts Sea
40%
Davis Sea
40%
D’Urville Sea
40%
Mawson Sea
40%
Scotia Sea
40%
Somov Sea
40%
Lazarev Sea
20%
Riiser-Larsen Sea
20%
Wendell Sea
20%
No matching quizzes found
Score Distribution
Percent of People with Each Score
Percentile by Number Answered
Your Score History
You have not taken this quiz since the last reset